Socrates to sartre : a history of philosophy

Bibliographic Details
Main Author: STUMPF, Samuel Enoch
Format: Book
Published: New York : McGraw-Hill , 1993
Subjects:

MARC

LEADER 00000cam a2200000 7i4500
001 0000002433
002 000002653
005 20000330.0
020 |a 0071136797 
090 0 0 |a 190   |b STU 
100 1 |a STUMPF, Samuel Enoch 
245 1 0 |a Socrates to sartre :   |b a history of philosophy   |c Samuel Enoch Stumpf 
260 |a New York :   |b McGraw-Hill ,   |c 1993 
300 |a 577p. ;   |c 22cm. 
650 0 0 |a Philosophy   |x History 
999 |a 035833   |b BUKU   |c PINJAMAN   |e PERPUSTAKAAN KOMUNITI PETALING JAYA 
999 |a 035834   |b BUKU   |c PINJAMAN   |e PERPUSTAKAAN KOMUNITI PETALING JAYA